00780nam a2200241Ma 450000500170000000800410001702000180005802000150007603500210009104000440011204100080015606000130016410000190017724501160019625000100031226000490032230000330037165000270040465000180043165000410044965000260049070000220051620180313061856.010 s2010 sp a fr 000 0 spa d a9788445820162 a8445820168 a(OCoLC)688347355 aCo-BoUCMbspacSaul NiñodSaul Niño aspa aWL 340.21 aWebb, Wanda G.10aNeurología para el logopedacWanda G. Webb, Richard K. Adler, Russell ; traducción Santiago Madero García a5a Ed aBarcelona (España)bElservier Massonc2010 a311 páginasbilustraciones07aLenguaje xTranstornos07aNeurología 07aProgramación neurolingüística  7aTrastornos del habla 1 aAdler, Richard K.